All 10k+ Cities in the Caucasus Countries - Statistics

General Stats
  • This quiz has been taken 47 times
  • The average score is 23 of 122
Answers on the Map
Answers color-coded by a green-red scale on the quiz's map according to % correct below.
 
Answer Stats
Country Population answer % Correct
Azerbaijan 1,291,000 Baku
85%
Georgia 1,154,314 Tbilisi
77%
Armenia 1,086,677 Yerevan
73%
Georgia 169,095 Batumi
65%
Georgia 135,201 Kutaisi
58%
Georgia 41,498 Poti
46%
Georgia 65,530 Aqwa
42%
Georgia 45,557 Gori
42%
Azerbaijan 299,100 Ganja
38%
Armenia 112,301 Gyumri
35%
Armenia 75,186 Vanadzor
35%
Georgia 11,959 Gagra
31%
Azerbaijan 80,800 Nakhchivan
31%
Georgia 128,680 Rustavi
31%
Azerbaijan 435,600 Sumqayit
31%
Georgia 41,494 Zugdidi
31%
Armenia 16,592 Ararat
27%
Azerbaijan 51,600 Lankaran
27%
Georgia 14,372 Ozurgeti
27%
Azerbaijan 58,300 Stepanakert
27%
Georgia 19,599 Telavi
27%
Georgia 20,684 Zestaponi
27%
Georgia 12,550 Chiatura
23%
Armenia 32,780 Kapan
23%
Georgia 17,227 Kobuleti
23%
Georgia 23,316 Samtredia
23%
Armenia 18,705 Sevan
23%
Armenia 44,837 Vagharshapat
23%
Azerbaijan 21,600 Zagatala
23%
Armenia 46,434 Abovyan
19%
Armenia 12,152 Alaverdi
19%
Armenia 27,470 Armavir
19%
Armenia 17,113 Goris
19%
Armenia 18,689 Ijevan
19%
Azerbaijan 42,000 Lökbatan
19%
Georgia 23,118 Marneuli
19%
Azerbaijan 119,977 Mingechevir
19%
Georgia 10,542 Sagarejo
19%
Georgia 18,705 Senaki
19%
Azerbaijan 77,800 Shirvan
19%
Georgia 32,699 Tchinval
19%
Georgia 16,943 Akhaltsikhe
15%
Armenia 19,020 Artashat
15%
Armenia 15,686 Ashtarak
15%
Georgia 11,085 Borjomi
15%
Azerbaijan 27,500 Bulbula
15%
Armenia 15,914 Dilijan
15%
Georgia 11,427 Gardabani
15%
Azerbaijan 52,600 Hövsan
15%
Armenia 44,231 Hrazdan
15%
Georgia 12,938 Kaspi
15%
Georgia 25,015 Khashuri
15%
Azerbaijan 213,400 Khirdalan
15%
Azerbaijan 35,800 Mardakan
15%
Azerbaijan 22,400 Mehdiabad
15%
Azerbaijan 28,800 Nardaran
15%
Azerbaijan 41,100 Saray
15%
Azerbaijan 65,900 Sheki
15%
Armenia 13,179 Sisian
15%
Armenia 13,133 Spitak
15%
Armenia 11,982 Stepanavan
15%
Azerbaijan 19,200 Tovuz
15%
Armenia 12,466 Vardenis
15%
Azerbaijan 45,100 Zabrat
15%
Azerbaijan 29,900 Agdash
12%
Azerbaijan 21,315 Aghsu
12%
Azerbaijan 51,700 Agjabedi
12%
Azerbaijan 33,600 Amirjan
12%
Armenia 17,647 Artik
12%
Azerbaijan 31,600 Badamdar
12%
Azerbaijan 77,200 Bakikhanov
12%
Azerbaijan 25,500 Balakhani
12%
Azerbaijan 52,598 Barda
12%
Azerbaijan 21,000 Beylagan
12%
Azerbaijan 85,900 Bilajari
12%
Azerbaijan 22,588 Bilasuvar
12%
Azerbaijan 89,300 Bina
12%
Azerbaijan 50,200 Binagadi
12%
Azerbaijan 38,300 Buzovna
12%
Armenia 10,432 Byureghavan
12%
Armenia 22,071 Charentsavan
12%
Azerbaijan 84,600 Garachukur
12%
Armenia 17,741 Gavar
12%
Azerbaijan 20,826 Gazakh
12%
Azerbaijan 20,100 Gobustan
12%
Azerbaijan 34,525 Goychay
12%
Azerbaijan 20,900 Goygol
12%
Azerbaijan 24,100 Guba
12%
Azerbaijan 21,200 Gusar
12%
Azerbaijan 26,800 Hajigabul
12%
Azerbaijan 18,600 Hokmali
12%
Azerbaijan 37,400 Imishli
12%
Azerbaijan 25,400 İsmayıllı
12%
Azerbaijan 41,900 Jalilabad
12%
Azerbaijan 21,200 Jorat
12%
Azerbaijan 42,500 Khachmaz
12%
Azerbaijan 19,300 Kurdamir
12%
Armenia 11,287 Martuni
12%
Azerbaijan 25,300 Masally
12%
Armenia 20,081 Masis
12%
Azerbaijan 21,900 Neftchala
12%
Azerbaijan 19,000 Qobu
12%
Azerbaijan 58,500 Rasulzade
12%
Azerbaijan 44,500 Romana
12%
Azerbaijan 18,596 Saatly
12%
Azerbaijan 30,433 Sabirabad
12%
Azerbaijan 27,100 Sahil
12%
Azerbaijan 38,600 Salyan
12%
Azerbaijan 24,554 Shabran
12%
Azerbaijan 38,800 Shamakhy
12%
Azerbaijan 40,600 Shamkir
12%
Azerbaijan 23,300 Shuvalan
12%
Azerbaijan 25,200 Siyazan
12%
Azerbaijan 22,700 Sulutepe
12%
Azerbaijan 25,600 Tartar
12%
Armenia 11,066 Vedi
12%
Armenia 12,279 Yeghvard
12%
Azerbaijan 65,500 Yevlakh
12%
Azerbaijan 32,400 Keshla
8%
Azerbaijan 109,100 Mashtagha
8%
Azerbaijan 30,800 Sabunchu
8%
Azerbaijan 34,200 Tagiyev
8%
No matching quizzes found
Score Distribution
Percent of People with Each Score
Percentile by Number Answered
Your Score History
You have not taken this quiz